[Event "NB II. Erkel csoport"]
[Site "Eger"]
[Date "2024.04.07"]
[Round "7.6"]
[White "Domany, Mihaly"]
[Black "Csalami, Gabor"]
[Result "1-0"]
[WhiteElo "2039"]
[BlackElo "1945"]
[PlyCount "147"]
[EventDate "2023.10.08"]
[EventType "team-tourn"]
[EventRounds "9"]
[EventCountry "HUN"]
[Source "chess.hu"]
[WhiteTeam "Egri Bolyky BastyaSE"]
[BlackTeam "TFSE"]
[WhiteTeamCountry "HUN"]
[BlackTeamCountry "HUN"]

1. e4 e5 2. Nf3 Nc6 3. d4 exd4 4. Nxd4 Nf6 5. Nxc6 bxc6 6. e5 Qe7 7. Qe2 Nd5 8.
c4 Nb6 9. b3 Qe6 10. f4 Bb4+ 11. Kf2 O-O 12. g3 f6 13. exf6 Qxf6 14. Bb2 Bc5+
15. Kg2 Bd4 16. Bxd4 Qxd4 17. Qe5 Qxe5 18. fxe5 Re8 19. Nd2 Rxe5 20. Nf3 Re8
21. Bd3 c5 22. Rhe1 Bb7 23. g4 d6 24. Kg3 Bxf3 25. Kxf3 Nd7 26. Be4 Rab8 27.
Bd5+ Kf8 28. Kg3 Rxe1 29. Rxe1 Ne5 30. Re3 Ke7 31. h4 Rf8 32. Bg2 a5 33. Re2
Kd7 34. h5 h6 35. g5 hxg5 36. Bd5 Rf4 37. Rh2 Rg4+ 38. Kf2 Rd4 39. Rh1 c6 40.
Bg2 d5 41. cxd5 cxd5 42. Ke2 Nf7 43. Rf1 Ke6 44. Ke3 Nh6 45. Rf8 Nf5+ 46. Ke2
Ng3+ 47. Ke3 Nxh5 48. Ra8 Nf4 49. Bf1 a4 50. bxa4 Rd1 51. Bb5 d4+ 52. Ke4 Re1+
53. Kf3 Kf5 54. Rf8+ Kg6 55. Kg4 Rg1+ 56. Kf3 d3 57. Rd8 Rd1 58. a5 Kf5 59. a4
d2 60. a6 Ne6 61. a7 Nxd8 62. Ke2 Ne6 63. a8=Q Ra1 64. Kxd2 Ra2+ 65. Kc3 Ra3+
66. Kb2 Re3 67. Bd7 Kf6 68. Bxe6 Rxe6 69. Qf8+ Kg6 70. Qxc5 g4 71. a5 g3 72.
Qg1 Re2+ 73. Kb3 g2 74. a6 1-0

[Event "NB II. Erkel csoport"]
[Site "Eger"]
[Date "2024.04.07"]
[Round "7.7"]
[White "Sarmasi, Peter"]
[Black "Botos, Krisztian"]
[Result "1-0"]
[WhiteElo "1824"]
[BlackElo "1952"]
[PlyCount "45"]
[EventDate "2023.10.08"]
[EventType "team-tourn"]
[EventRounds "9"]
[EventCountry "HUN"]
[Source "chess.hu"]
[WhiteTeam "TFSE"]
[BlackTeam "Egri Bolyky BastyaSE"]
[WhiteTeamCountry "HUN"]
[BlackTeamCountry "HUN"]

1. e4 d5 2. exd5 Nf6 3. d4 Qxd5 4. Nc3 Qa5 5. Bd2 c6 6. Bc4 Bg4 7. f3 Bh5 8.
Qe2 Qc7 9. O-O-O b5 10. Bb3 a5 11. a4 b4 12. Ne4 Nbd7 13. g4 Bg6 14. h4 Nxe4
15. fxe4 Nf6 16. e5 Ne4 17. Bf4 h5 18. Nh3 hxg4 19. e6 Nd6 20. exf7+ Kd8 21.
Ng5 Bf5 22. Be6 Qa7 23. Bxd6 1-0

[Event "NB II. Erkel csoport"]
[Site "Eger"]
[Date "2024.04.07"]
[Round "7.8"]
[White "Kis, Jozsef"]
[Black "Janosi, Bence"]
[Result "1/2-1/2"]
[WhiteElo "1943"]
[BlackElo "1893"]
[PlyCount "48"]
[EventDate "2023.10.08"]
[EventType "team-tourn"]
[EventRounds "9"]
[EventCountry "HUN"]
[Source "chess.hu"]
[WhiteTeam "Egri Bolyky BastyaSE"]
[BlackTeam "TFSE"]
[WhiteTeamCountry "HUN"]
[BlackTeamCountry "HUN"]

1. e4 e6 2. d4 d5 3. Nc3 Nc6 4. e5 f6 5. f4 Bb4 6. Nf3 Nh6 7. a3 Be7 8. Bd3 O-O
9. O-O fxe5 10. fxe5 Nf5 11. Ne2 Nb8 12. Bd2 b6 13. Nf4 Qd7 14. g4 Nh4 15. Qe2
Bb7 16. Nxh4 Bxh4 17. Nh5 Nc6 18. c3 Qe7 19. Qe3 h6 20. Bc2 Ba6 21. Bd3 Bg5 22.
Qe2 Bxd3 23. Qxd3 Bxd2 24. Qxd2 Qh4 1/2-1/2

[Event "NB II. Erkel csoport"]
[Site "Eger"]
[Date "2024.04.07"]
[Round "7.9"]
[White "Ilko-Toth, Andras"]
[Black "Gordos, Csaba Dr"]
[Result "1/2-1/2"]
[WhiteElo "1903"]
[BlackElo "1900"]
[PlyCount "138"]
[EventDate "2023.10.08"]
[EventType "team-tourn"]
[EventRounds "9"]
[EventCountry "HUN"]
[Source "chess.hu"]
[WhiteTeam "TFSE"]
[BlackTeam "Egri Bolyky BastyaSE"]
[WhiteTeamCountry "HUN"]
[BlackTeamCountry "HUN"]

1. d4 d5 2. Nf3 Nf6 3. g3 e6 4. Bg2 c5 5. O-O Nc6 6. c4 cxd4 7. Nxd4 Bc5 8. Nb3
Be7 9. cxd5 exd5 10. Nc3 Be6 11. Bg5 O-O 12. Bxf6 Bxf6 13. Nxd5 Bxd5 14. Qxd5
Qxd5 15. Bxd5 Bxb2 16. Rab1 Bf6 17. Bxc6 bxc6 18. Rfc1 Rfe8 19. e3 Rac8 20. Rc4
Rc7 21. Na5 c5 22. Rb5 Rec8 23. Kg2 Kf8 24. Rb7 Ke8 25. Rb5 Kd7 26. e4 h5 27.
Rb1 g6 28. Rd1+ Ke6 29. Rd5 Be7 30. Nb3 f5 31. Rd3 fxe4 32. Rxe4+ Kf7 33. Rc3
Bf6 34. Rc2 c4 35. Nd4 c3 36. Nb5 Rd7 37. Ra4 Rd2 38. Rxa7+ Kg8 39. Na3 Rcd8
40. Ra4 Rxc2 41. Nxc2 Rd2 42. Ne3 Bd4 43. Kf3 c2 44. Rc4 c1=Q 45. Rxc1 Rxa2 46.
Rc4 Bg7 47. h4 Ra7 48. Re4 Rf7+ 49. Kg2 Ra7 50. Nd5 Ra2 51. Nf4 Ra6 52. Re6
Rxe6 53. Nxe6 Bb2 54. Ng5 Kg7 55. Kf3 Kf6 56. Ke4 Bc1 57. f4 Bb2 58. Nf3 Ba1
59. Ne5 Bc3 60. Nc4 Be1 61. Kf3 Kf5 62. Ne3+ Kf6 63. Ng2 Bc3 64. g4 hxg4+ 65.
Kxg4 Bd2 66. Kf3 Kf5 67. Kg3 g5 68. fxg5 Bxg5 69. hxg5 Kxg5 1/2-1/2

[Event "NB II. Erkel csoport"]
[Site "Eger"]
[Date "2024.04.07"]
[Round "7.10"]
[White "Orojan, Sandor"]
[Black "Tagai, Marton"]
[Result "0-1"]
[WhiteElo "1762"]
[BlackElo "1914"]
[PlyCount "76"]
[EventDate "2023.10.08"]
[EventType "team-tourn"]
[EventRounds "9"]
[EventCountry "HUN"]
[Source "chess.hu"]
[WhiteTeam "Egri Bolyky BastyaSE"]
[BlackTeam "TFSE"]
[WhiteTeamCountry "HUN"]
[BlackTeamCountry "HUN"]

1. d4 d5 2. c4 c6 3. e3 Nf6 4. Nc3 e6 5. Nf3 Nbd7 6. a3 dxc4 7. Bxc4 b5 8. Bd3
a6 9. Qc2 c5 10. O-O Bb7 11. Re1 Be7 12. e4 h6 13. e5 Nd5 14. Nxd5 Bxd5 15. Be4
Bxe4 16. Qxe4 O-O 17. Be3 cxd4 18. Nxd4 Nc5 19. Qg4 Kh8 20. Red1 Qc7 21. b4 Na4
22. f4 Nb2 23. Rac1 Qb7 24. Rf1 Nc4 25. Bf2 Nxa3 26. f5 exf5 27. Nxf5 Rg8 28.
Qh5 Bf8 29. Bc5 Nc4 30. Bxf8 Raxf8 31. Nxh6 Qb6+ 32. Kh1 Qxh6 33. Qe2 Re8 34.
Rc3 Rxe5 35. Qf3 Re3 36. Rfc1 Rge8 37. h3 Qe6 38. Rxe3 Qxe3 0-1

[Event "NB II. Erkel csoport"]
[Site "Eger"]
[Date "2024.04.07"]
[Round "7.11"]
[White "Hangyal, Anna"]
[Black "Huszar, Andras"]
[Result "0-1"]
[WhiteElo "1766"]
[BlackElo "1720"]
[PlyCount "120"]
[EventDate "2023.10.08"]
[EventType "team-tourn"]
[EventRounds "9"]
[EventCountry "HUN"]
[Source "chess.hu"]
[WhiteTeam "TFSE"]
[BlackTeam "Egri Bolyky BastyaSE"]
[WhiteTeamCountry "HUN"]
[BlackTeamCountry "HUN"]

1. e4 e5 2. Nf3 Nc6 3. d4 exd4 4. Nxd4 Nf6 5. Nc3 Bb4 6. Nxc6 bxc6 7. Bd3 Bb7
8. O-O Qe7 9. Bg5 h6 10. Bd2 O-O-O 11. Re1 g5 12. a3 Bc5 13. Na4 Bd4 14. Bb4 c5
15. c3 Bxf2+ 16. Kxf2 cxb4 17. axb4 d6 18. Qf3 Qe6 19. h3 Rde8 20. Qf5 Nxe4+
21. Bxe4 Bxe4 22. Qxe6+ Rxe6 23. c4 Bd3 24. c5 a6 25. Nc3 Kd7 26. Red1 Bc4 27.
Rd4 Bb5 28. cxd6 Rxd6 29. Nxb5 axb5 30. Rxd6+ Kxd6 31. Rd1+ Ke6 32. Rc1 Rd8 33.
Rc6+ Rd6 34. Rxc7 Rd2+ 35. Kg3 Rxb2 36. Rc6+ Kf5 37. Rxh6 Rb3+ 38. Kh2 Rxb4 39.
Rb6 f6 40. Kg3 Rb3+ 41. Kh2 b4 42. Kg1 Rb1+ 43. Kh2 Ke5 44. Rb5+ Ke4 45. Rb8 b3
46. Kg3 Kd3 47. Rb6 f5 48. Rb5 Kc4 49. Rb8 Rd1 50. Kf3 Kc3 51. Rc8+ Kb2 52. Ke2
Rc1 53. Rb8 Rc2+ 54. Kd3 Rxg2 55. Kd4 Rg3 56. Rb5 f4 57. Ke4 Kc2 58. Rc5+ Rc3
59. Rxg5 f3 60. Rg1 b2 0-1

[Event "NB II. Erkel csoport"]
[Site "Eger"]
[Date "2024.04.07"]
[Round "7.12"]
[White "Prepelita, Kevin Gabriel"]
[Black "Hangyal, Dora"]
[Result "1/2-1/2"]
[WhiteElo "1648"]
[BlackElo "1708"]
[PlyCount "62"]
[EventDate "2023.10.08"]
[EventType "team-tourn"]
[EventRounds "9"]
[EventCountry "HUN"]
[Source "chess.hu"]
[WhiteTeam "Egri Bolyky BastyaSE"]
[BlackTeam "TFSE"]
[WhiteTeamCountry "HUN"]
[BlackTeamCountry "HUN"]

1. e4 c5 2. c3 e6 3. d4 cxd4 4. cxd4 d5 5. exd5 Qxd5 6. Nc3 Bb4 7. Qa4+ Nc6 8.
Nf3 Bd7 9. Qxb4 Nxb4 10. Nxd5 exd5 11. Kd1 Nf6 12. Bf4 Ne4 13. Be3 f5 14. Ng5
Rc8 15. Nxe4 fxe4 16. a3 Nc2 17. Rc1 Nxe3+ 18. fxe3 Ba4+ 19. Kd2 O-O 20. Be2
Rc6 21. Rxc6 bxc6 22. Rf1 Rb8 23. b4 Rf8 24. Rxf8+ Kxf8 25. g4 g5 26. Ke1 Bb5
27. Bxb5 cxb5 28. Kf2 Kg7 29. Kg3 Kf6 30. h4 h6 31. hxg5+ hxg5 1/2-1/2

[Event "NB II. Erkel csoport"]
[Site "Budapest"]
[Date "2024.04.07"]
[Round "7.1"]
[White "Gyenes, Mate"]
[Black "Nagy, Ervin Dr"]
[Result "0-1"]
[WhiteElo "2173"]
[BlackElo "2175"]
[PlyCount "68"]
[EventDate "2023.10.08"]
[EventType "team-tourn"]
[EventRounds "9"]
[EventCountry "HUN"]
[Source "chess.hu"]
[WhiteTeam "Vaci SC"]
[BlackTeam "HASE"]
[WhiteTeamCountry "HUN"]
[BlackTeamCountry "HUN"]

1. e4 g6 2. d4 Bg7 3. Nc3 a6 4. f4 b5 5. Nf3 Bb7 6. Bd3 d6 7. Be3 Nf6 8. e5 Nd5
9. Nxd5 Bxd5 10. b3 Nd7 11. c4 bxc4 12. bxc4 Bxf3 13. Qxf3 c5 14. dxc5 O-O 15.
c6 Nc5 16. Bc2 dxe5 17. Rd1 Qa5+ 18. Kf2 exf4 19. Qxf4 Rac8 20. Qg5 Rxc6 21.
Qxe7 Qc3 22. Bb1 Bf6 23. Qa7 Bh4+ 24. g3 Rf6+ 25. Ke2 Qxc4+ 26. Bd3 Nxd3 27.
Rxd3 Rd8 28. Rhd1 Rfd6 29. gxh4 Rxd3 30. Rxd3 Qxd3+ 31. Kf2 Re8 32. a4 f5 33.
Kf3 f4 34. Kxf4 Qe4+ 0-1

[Event "NB II. Erkel csoport"]
[Site "Budapest"]
[Date "2024.04.07"]
[Round "7.2"]
[White "Kovacs, Klara"]
[Black "Mirza, Solyom"]
[Result "0-1"]
[WhiteElo "2073"]
[BlackElo "2056"]
[PlyCount "52"]
[EventDate "2023.10.08"]
[EventType "team-tourn"]
[EventRounds "9"]
[EventCountry "HUN"]
[Source "chess.hu"]
[WhiteTeam "HASE"]
[BlackTeam "Vaci SC"]
[WhiteTeamCountry "HUN"]
[BlackTeamCountry "HUN"]

1. c4 e5 2. g3 Nc6 3. Bg2 f5 4. Nc3 Nf6 5. d3 Bb4 6. Nf3 O-O 7. O-O d6 8. Bg5
Bxc3 9. bxc3 h6 10. Bd2 g5 11. Ne1 f4 12. e3 fxg3 13. fxg3 e4 14. d4 Na5 15.
Qa4 b6 16. c5 dxc5 17. c4 cxd4 18. Bxa5 bxa5 19. Rd1 d3 20. Qxa5 Bg4 21. Rd2
Rb8 22. Qe5 Rb1 23. Bxe4 Nxe4 24. Qxe4 Rxf1+ 25. Kxf1 Bh3+ 26. Kf2 Qf6+ 0-1

[Event "NB II. Erkel csoport"]
[Site "Budapest"]
[Date "2024.04.07"]
[Round "7.3"]
[White "Trajber, Daniel"]
[Black "Demjen, Mark"]
[Result "1-0"]
[WhiteElo "2061"]
[BlackElo "2011"]
[PlyCount "51"]
[EventDate "2023.10.08"]
[EventType "team-tourn"]
[EventRounds "9"]
[EventCountry "HUN"]
[Source "chess.hu"]
[WhiteTeam "Vaci SC"]
[BlackTeam "HASE"]
[WhiteTeamCountry "HUN"]
[BlackTeamCountry "HUN"]

1. e4 e5 2. Nf3 Nc6 3. d4 exd4 4. Nxd4 Bc5 5. Nb3 Bb6 6. Nc3 Qf6 7. Qe2 Nge7 8.
Be3 O-O 9. O-O-O d6 10. Kb1 Bd7 11. f4 Rfe8 12. Bxb6 axb6 13. Qf3 Be6 14. Nb5
Rec8 15. f5 Bd7 16. g4 Qe5 17. Nc3 Na5 18. g5 Nxb3 19. cxb3 f6 20. Bc4+ Kh8 21.
Rhg1 fxg5 22. Rxg5 b5 23. Bd3 b4 24. Rdg1 bxc3 25. Rxg7 Be8 26. Rxh7+ 1-0

[Event "NB II. Erkel csoport"]
[Site "Budapest"]
[Date "2024.04.07"]
[Round "7.4"]
[White "Murin, Janos"]
[Black "Tornai, Imre"]
[Result "1/2-1/2"]
[WhiteElo "2050"]
[BlackElo "2003"]
[PlyCount "29"]
[EventDate "2023.10.08"]
[EventType "team-tourn"]
[EventRounds "9"]
[EventCountry "HUN"]
[Source "chess.hu"]
[WhiteTeam "HASE"]
[BlackTeam "Vaci SC"]
[WhiteTeamCountry "HUN"]
[BlackTeamCountry "HUN"]

1. e4 e5 2. Nf3 d6 3. d4 exd4 4. Nxd4 g6 5. Nc3 Bg7 6. Be3 Nf6 7. Be2 O-O 8.
O-O Re8 9. Bf3 Nbd7 10. Re1 Ne5 11. Be2 d5 12. exd5 Nxd5 13. Nxd5 Qxd5 14. c3
Bd7 15. Nf3 1/2-1/2

[Event "NB II. Erkel csoport"]
[Site "Budapest"]
[Date "2024.04.07"]
[Round "7.5"]
[White "Trajber, Csaba Dr"]
[Black "Bertok, Bela"]
[Result "1/2-1/2"]
[WhiteElo "1968"]
[BlackElo "1948"]
[PlyCount "28"]
[EventDate "2023.10.08"]
[EventType "team-tourn"]
[EventRounds "9"]
[EventCountry "HUN"]
[Source "chess.hu"]
[WhiteTeam "Vaci SC"]
[BlackTeam "HASE"]
[WhiteTeamCountry "HUN"]
[BlackTeamCountry "HUN"]

1. e4 c5 2. Nf3 d6 3. Bb5+ Bd7 4. Bxd7+ Nxd7 5. d4 cxd4 6. Nxd4 Ngf6 7. Nc3 g6
8. O-O Bg7 9. Kh1 O-O 10. f4 a6 11. Be3 e5 12. Nde2 Nc5 13. Bxc5 dxc5 14. f5 b5
1/2-1/2

[Event "NB II. Erkel csoport"]
[Site "Budapest"]
[Date "2024.04.07"]
[Round "7.6"]
[White "Minga-Nagy, Abel Inti"]
[Black "Veres, Istvan"]
[Result "1/2-1/2"]
[WhiteElo "1957"]
[BlackElo "1961"]
[PlyCount "85"]
[EventDate "2023.10.08"]
[EventType "team-tourn"]
[EventRounds "9"]
[EventCountry "HUN"]
[Source "chess.hu"]
[WhiteTeam "HASE"]
[BlackTeam "Vaci SC"]
[WhiteTeamCountry "HUN"]
[BlackTeamCountry "HUN"]

1. e4 c5 2. Nf3 Nc6 3. Bb5 e6 4. O-O Nge7 5. b3 a6 6. Bxc6 Nxc6 7. Bb2 d6 8. d4
cxd4 9. Nxd4 e5 10. Nxc6 bxc6 11. c4 Be7 12. c5 O-O 13. cxd6 Qxd6 14. Qxd6 Bxd6
15. Nd2 Be6 16. Rac1 Rac8 17. Nc4 Bxc4 18. Rxc4 Rfd8 19. Ra4 f6 20. Rxa6 Ra8
21. Rxa8 Rxa8 22. Ra1 Kf7 23. a3 Rb8 24. b4 c5 25. bxc5 Bxc5 26. Bc3 Bxa3 27.
g3 Rb3 28. Bd2 Bc5 29. Rc1 Bd4 30. Rc2 Rb2 31. Rxb2 Bxb2 32. Kg2 Ke6 33. Kf3 g6
34. Kg4 h5+ 35. Kh4 Bd4 36. Be3 Kd6 37. g4 hxg4 38. Kxg4 Bxe3 39. fxe3 Kc5 40.
Kf3 Kc4 41. Kg4 Kd3 42. Kf3 Kc3 43. Kg3 1/2-1/2

[Event "NB II. Erkel csoport"]
[Site "Budapest"]
[Date "2024.04.07"]
[Round "7.7"]
[White "Slezak, Robert"]
[Black "Deli, Kristof"]
[Result "1-0"]
[WhiteElo "1970"]
[BlackElo "1918"]
[PlyCount "51"]
[EventDate "2023.10.08"]
[EventType "team-tourn"]
[EventRounds "9"]
[EventCountry "HUN"]
[Source "chess.hu"]
[WhiteTeam "Vaci SC"]
[BlackTeam "HASE"]
[WhiteTeamCountry "HUN"]
[BlackTeamCountry "HUN"]

1. e4 e5 2. Nf3 Nc6 3. Bc4 Bc5 4. O-O Nf6 5. d4 Nxd4 6. Nxe5 O-O 7. Be3 Ne6 8.
Bxe6 Bxe3 9. Bxf7+ Rxf7 10. Nxf7 Kxf7 11. fxe3 Qe7 12. Qf3 Kg8 13. Nc3 c6 14.
Rad1 d6 15. Qf4 Ne8 16. Ne2 c5 17. c4 Be6 18. b3 a6 19. Nc3 Rd8 20. e5 h6 21.
exd6 Nxd6 22. Qe5 Rd7 23. Nd5 Bxd5 24. Qxd5+ Kh7 25. Qxc5 Ne8 26. Qf5+ 1-0

[Event "NB II. Erkel csoport"]
[Site "Budapest"]
[Date "2024.04.07"]
[Round "7.8"]
[White "Schreuder Peters, Misja"]
[Black "Kiss, Pal Vac"]
[Result "1/2-1/2"]
[WhiteElo "1894"]
[BlackElo "1965"]
[PlyCount "31"]
[EventDate "2023.10.08"]
[EventType "team-tourn"]
[EventRounds "9"]
[EventCountry "HUN"]
[Source "chess.hu"]
[WhiteTeam "HASE"]
[BlackTeam "Vaci SC"]
[WhiteTeamCountry "HUN"]
[BlackTeamCountry "HUN"]

1. e4 Nc6 2. Nf3 d6 3. Nc3 Nf6 4. d4 g6 5. h3 Bg7 6. Be3 O-O 7. Bc4 Nxe4 8.
Bxf7+ Rxf7 9. Nxe4 d5 10. Nc3 Qd6 11. Qd2 a6 12. a3 b5 13. b4 Bf5 14. Ng5 Rff8
15. f4 h6 16. Nf3 1/2-1/2

[Event "NB II. Erkel csoport"]
[Site "Budapest"]
[Date "2024.04.07"]
[Round "7.9"]
[White "Torok, Tamas"]
[Black "Demjen, Attila"]
[Result "1-0"]
[WhiteElo "1945"]
[BlackElo "1907"]
[PlyCount "69"]
[EventDate "2023.10.08"]
[EventType "team-tourn"]
[EventRounds "9"]
[EventCountry "HUN"]
[Source "chess.hu"]
[WhiteTeam "Vaci SC"]
[BlackTeam "HASE"]
[WhiteTeamCountry "HUN"]
[BlackTeamCountry "HUN"]

1. Nf3 c6 2. d4 d5 3. Bf4 Nf6 4. e3 g6 5. c4 Bg7 6. Nc3 dxc4 7. Bxc4 O-O 8. O-O
Nh5 9. Be5 Nf6 10. h3 Nbd7 11. Bh2 b5 12. Bd3 Nb6 13. Rc1 Bb7 14. Ne5 Rc8 15.
b4 Nfd5 16. a3 Nxc3 17. Rxc3 Na4 18. Rc2 Qd5 19. f4 Qb3 20. Qd2 Qxa3 21. Rb1
Rfd8 22. Bg3 a5 23. Be1 axb4 24. Ra2 Nc3 25. Rxa3 Nxb1 26. Bxb1 bxa3 27. Qb4
Bxe5 28. fxe5 c5 29. Qxb5 Bc6 30. Qxc5 Be4 31. Qxa3 Bxb1 32. Qxe7 Be4 33. e6
Bd5 34. Qxf7+ Kh8 35. Bh4 1-0

[Event "NB II. Erkel csoport"]
[Site "Budapest"]
[Date "2024.04.07"]
[Round "7.10"]
[White "Csetneki, Mark"]
[Black "Harkai, Emma"]
[Result "1/2-1/2"]
[WhiteElo "1881"]
[BlackElo "1938"]
[PlyCount "51"]
[EventDate "2023.10.08"]
[EventType "team-tourn"]
[EventRounds "9"]
[EventCountry "HUN"]
[Source "chess.hu"]
[WhiteTeam "HASE"]
[BlackTeam "Vaci SC"]
[WhiteTeamCountry "HUN"]
[BlackTeamCountry "HUN"]

1. d4 d5 2. c4 e6 3. Nf3 Nf6 4. g3 Be7 5. Bg2 O-O 6. O-O dxc4 7. Qa4 c5 8. Rd1
Qb6 9. Qxc4 cxd4 10. Nxd4 e5 11. Nc2 Be6 12. Qa4 Nbd7 13. Nc3 Rac8 14. Ne3 Nc5
15. Qb5 Qxb5 16. Nxb5 a6 17. Nc3 Rfd8 18. Ned5 Nxd5 19. Nxd5 Bxd5 20. Bxd5 Rc7
21. Be3 Rcd7 22. Bxc5 Bxc5 23. e4 Bd4 24. Rd2 Rc7 25. Rad1 Kf8 26. Kg2 1/2-1/2

[Event "NB II. Erkel csoport"]
[Site "Budapest"]
[Date "2024.04.07"]
[Round "7.11"]
[White "Prohaszka, Gyula Imre"]
[Black "Zoltan, Andras"]
[Result "0-1"]
[WhiteElo "1730"]
[BlackElo "1783"]
[PlyCount "34"]
[EventDate "2023.10.08"]
[EventType "team-tourn"]
[EventRounds "9"]
[EventCountry "HUN"]
[Source "chess.hu"]
[WhiteTeam "Vaci SC"]
[BlackTeam "HASE"]
[WhiteTeamCountry "HUN"]
[BlackTeamCountry "HUN"]

1. d4 Nf6 2. c4 e6 3. Nc3 Bb4 4. a3 Bxc3+ 5. bxc3 O-O 6. Bg5 h6 7. Bh4 d6 8.
Nf3 b6 9. Rb1 Bb7 10. e3 Nbd7 11. Bd3 Qe8 12. g4 Ne4 13. Qc2 Ng5 14. Nxg5 hxg5
15. Rb5 c5 16. Rg1 gxh4 17. g5 f5 0-1

[Event "NB II. Erkel csoport"]
[Site "Budapest"]
[Date "2024.04.07"]
[Round "7.12"]
[White "Rabovszky, Gyorgy"]
[Black "Keresztesi, Aron Bendeguz"]
[Result "1-0"]
[WhiteElo "1763"]
[BlackElo "1531"]
[PlyCount "77"]
[EventDate "2023.10.08"]
[EventType "team-tourn"]
[EventRounds "9"]
[EventCountry "HUN"]
[Source "chess.hu"]
[WhiteTeam "HASE"]
[BlackTeam "Vaci SC"]
[WhiteTeamCountry "HUN"]
[BlackTeamCountry "HUN"]

1. e4 d5 2. exd5 Nf6 3. Nc3 c6 4. dxc6 Nxc6 5. Bb5 Bd7 6. d4 a6 7. Bd3 g6 8.
Be3 Bg7 9. Nf3 Bg4 10. h3 Bxf3 11. Qxf3 O-O 12. O-O Nb4 13. Rad1 Nbd5 14. Nxd5
Qxd5 15. Qxd5 Nxd5 16. c4 Nxe3 17. fxe3 b6 18. b3 a5 19. c5 bxc5 20. dxc5 Rfd8
21. Be4 Rxd1 22. Rxd1 Rc8 23. c6 Be5 24. Rd7 e6 25. Kf2 Kg7 26. Ke2 Kf6 27. Ra7
Bc7 28. a3 h5 29. b4 axb4 30. axb4 Ke7 31. b5 Kd6 32. b6 Bxb6 33. Rxf7 g5 34.
Rb7 Bc7 35. Rb3 Ke5 36. Bf3 h4 37. Rb5+ Kf6 38. Rb7 e5 39. Bg4 1-0

[Event "NB II. Erkel csoport"]
[Site "Budapest"]
[Date "2024.04.07"]
[Round "7.1"]
[White "Vereb, Gabor"]
[Black "Roos, Jean-Luc"]
[Result "1/2-1/2"]
[WhiteElo "2190"]
[BlackElo "2164"]
[PlyCount "32"]
[EventDate "2023.10.08"]
[EventType "team-tourn"]
[EventRounds "9"]
[EventCountry "HUN"]
[Source "chess.hu"]
[WhiteTeam "Godolloi SBE"]
[BlackTeam "HUSI SC"]
[WhiteTeamCountry "HUN"]
[BlackTeamCountry "HUN"]

1. e4 c5 2. Nf3 d6 3. Bb5+ Bd7 4. a4 Nf6 5. Qe2 e6 6. O-O Be7 7. c3 a6 8. Bd3
Nc6 9. Bc2 Rc8 10. d3 O-O 11. h3 e5 12. Nbd2 b5 13. Bb3 Na5 14. Bc2 Nc6 15. Bb3
Na5 16. Bc2 Nc6 1/2-1/2

[Event "NB II. Erkel csoport"]
[Site "Budapest"]
[Date "2024.04.07"]
[Round "7.2"]
[White "Szabolcsi, Janos"]
[Black "Nagyajtai, Gabor"]
[Result "1-0"]
[WhiteElo "2159"]
[BlackElo "2126"]
[PlyCount "179"]
[EventDate "2023.10.08"]
[EventType "team-tourn"]
[EventRounds "9"]
[EventCountry "HUN"]
[Source "chess.hu"]
[WhiteTeam "HUSI SC"]
[BlackTeam "Godolloi SBE"]
[WhiteTeamCountry "HUN"]
[BlackTeamCountry "HUN"]

1. d4 Nf6 2. Nf3 g6 3. g3 Bg7 4. Bg2 c5 5. dxc5 Qa5+ 6. Nbd2 Qxc5 7. O-O O-O 8.
Nb3 Qc7 9. Bf4 d6 10. Qc1 Rd8 11. Rd1 Bg4 12. h3 Bxf3 13. Bxf3 Nc6 14. c3 Nd7
15. Bg2 Rac8 16. Qe3 Nde5 17. Nd2 Re8 18. b3 b6 19. Rac1 Nd8 20. Nf3 Nxf3+ 21.
Qxf3 Ne6 22. Bd2 Qc5 23. Qd3 Qa3 24. Rc2 Rc7 25. Bd5 Nc5 26. Qf3 e6 27. Bc4 Nd7
28. Qe3 Qc5 29. Qxc5 Nxc5 30. f3 d5 31. Bb5 Rd8 32. Bf4 e5 33. Be3 d4 34. Bf2
Ne6 35. Rdc1 Rdc8 36. Ba6 Rd8 37. cxd4 Rxc2 38. Rxc2 exd4 39. b4 Bf8 40. a3 Bd6
41. Kf1 g5 42. Ke1 Nc7 43. Bd3 Ne6 44. Kd2 a5 45. Rb2 axb4 46. axb4 Ra8 47. Bf5
Ra4 48. Bxe6 fxe6 49. Bxd4 Rxb4 50. Rxb4 Bxb4+ 51. Kd3 Bd6 52. g4 b5 53. Bb6
Kf7 54. Bd8 h6 55. Kd4 Kg6 56. e3 Kf7 57. e4 Ke8 58. Bf6 Kf7 59. Bh8 Ba3 60.
Kc3 Bd6 61. Kb3 Bc5 62. Bc3 Kg6 63. Bb4 Bb6 64. Bd6 Ba5 65. Be5 h5 66. Bc3 b4
67. Bd4 hxg4 68. hxg4 Kf7 69. Ka4 Bc7 70. Kxb4 e5 71. Be3 Bd8 72. Kc5 Ke6 73.
Kc6 Bf6 74. Bb6 Be7 75. Kc7 Bf6 76. Bc5 Bg7 77. Kd8 Bf6+ 78. Ke8 Be7 79. Be3
Bf6 80. Kf8 Bd8 81. Kg7 Be7 82. Kg6 Bd8 83. Bxg5 Bc7 84. Bf6 Bd6 85. g5 Bf8 86.
Bxe5 Kxe5 87. Kf7 Kf4 88. Kxf8 Kxg5 89. Kf7 Kf4 90. Kf6 1-0

[Event "NB II. Erkel csoport"]
[Site "Budapest"]
[Date "2024.04.07"]
[Round "7.3"]
[White "Kozma, Gabor"]
[Black "Feher, Botond"]
[Result "0-1"]
[WhiteElo "2083"]
[BlackElo "2147"]
[PlyCount "80"]
[EventDate "2023.10.08"]
[EventType "team-tourn"]
[EventRounds "9"]
[EventCountry "HUN"]
[Source "chess.hu"]
[WhiteTeam "Godolloi SBE"]
[BlackTeam "HUSI SC"]
[WhiteTeamCountry "HUN"]
[BlackTeamCountry "HUN"]

1. e4 c5 2. Nf3 d6 3. d4 cxd4 4. Nxd4 Nf6 5. Nc3 g6 6. Be3 Bg7 7. f3 O-O 8. Qd2
Nc6 9. O-O-O Bd7 10. Kb1 Rc8 11. g4 Ne5 12. g5 Nh5 13. Rg1 a6 14. Be2 b5 15. f4
Nc4 16. Bxc4 bxc4 17. Nce2 Rb8 18. c3 Qa5 19. Ka1 Rb7 20. Rb1 Rfb8 21. Ng3 e5
22. fxe5 dxe5 23. Ndf5 Bxf5 24. exf5 Nxg3 25. hxg3 gxf5 26. Qf2 Rb3 27. Rgc1
Bf8 28. Qxf5 R8b5 29. Bb6 Qxb6 30. Rf1 Qg6 31. Qd7 Rb7 32. Qd5 R3b5 33. Qxc4
Qe6 34. Qa4 Bg7 35. Rbd1 Rb8 36. Qe4 Rxb2 37. Rd5 Qc8 38. Rd3 Qc7 39. c4 Qb6
40. Rdf3 Rxa2+ 0-1